Conditions of supply of electrical energy (Record no. 23225)

MARC details
000 -LEADER
fixed length control field 00288nam a2200109Ia 4500
082 ## - DEWEY DECIMAL CLASSIFICATION NUMBER
Classification number 351.824.11(548.3)
Item number KER
245 #0 - TITLE STATEMENT
Title Conditions of supply of electrical energy
260 ## - PUBLICATION, DISTRIBUTION, ETC. (IMPRINT)
Place of publication Kerala
Name of publisher KSEB
650 ## - SUBJECT ADDED ENTRY--TOPICAL TERM
Topical Term Electricity supply
942 ## - ADDED ENTRY ELEMENTS (KOHA)
Koha item type Books
Holdings
Withdrawn status Lost status Damaged status Not for loan Home library Current library Date acquired Full call number Accession Number Koha item type
        RRII Library RRII Library 16/12/2021 351.824.11(548.3) KER 03925 Books